The AACC magazine. (Record no. 44769)
[ view plain ]
| 000 -LEADER | |
|---|---|
| fixed length control field | 01884cas a2200493 a 4500 |
| 001 - CONTROL NUMBER | |
| control field | 11321639 |
| 003 - CONTROL NUMBER IDENTIFIER | |
| control field | OSt |
| 005 - DATE AND TIME OF LATEST TRANSACTION | |
| control field | 20150616163346.0 |
| 008 - FIXED-LENGTH DATA ELEMENTS--GENERAL INFORMATION | |
| fixed length control field | 831005d19831985ke tr p 0 a0eng c |
| 010 ## - LIBRARY OF CONGRESS CONTROL NUMBER | |
| LC control number | 86980039 |
| 016 7# - NATIONAL BIBLIOGRAPHIC AGENCY CONTROL NUMBER | |
| Record control number | 009181533 |
| Source | Uk |
| 035 ## - SYSTEM CONTROL NUMBER | |
| System control number | (OCoLC)ocm09982168 |
| 040 ## - CATALOGING SOURCE | |
| Original cataloging agency | GEU-T |
| Language of cataloging | eng |
| Transcribing agency | GEU-T |
| Modifying agency | MBTI |
| -- | DLC |
| -- | NST |
| -- | DLC |
| -- | NST |
| -- | OCoLC |
| -- | UKMGB |
| -- | OCoLC |
| 041 0# - LANGUAGE CODE | |
| Language code of text/sound track or separate title | engfre |
| 042 ## - AUTHENTICATION CODE | |
| Authentication code | pcc |
| 043 ## - GEOGRAPHIC AREA CODE | |
| Geographic area code | f------ |
| 050 00 - LIBRARY OF CONGRESS CALL NUMBER | |
| Classification number | BR1359 |
| Item number | .A23 |
| 082 00 - DEWEY DECIMAL CLASSIFICATION NUMBER | |
| Classification number | 276/.0828 |
| Edition number | 19 |
| 245 04 - TITLE STATEMENT | |
| Title | The AACC magazine. |
| 246 3# - VARYING FORM OF TITLE | |
| Title proper/short title | All Africa Conference of Churches magazine |
| 246 3# - VARYING FORM OF TITLE | |
| Title proper/short title | A.A.C.C. magazine |
| 246 15 - VARYING FORM OF TITLE | |
| Title proper/short title | Revue de la CETA |
| 260 ## - PUBLICATION, DISTRIBUTION, ETC. (IMPRINT) | |
| Place of publication, distribution, etc | [Nairobi, Kenya : |
| Name of publisher, distributor, etc | All Africa Conference of Churches, Communications Unit, |
| Date of publication, distribution, etc | 1983?-1985?] |
| 300 ## - PHYSICAL DESCRIPTION | |
| Extent | 3 v. : |
| Other physical details | ill. ; |
| Dimensions | 25-30 cm. |
| 310 ## - CURRENT PUBLICATION FREQUENCY | |
| Current publication frequency | Three no. a year |
| 362 0# - DATES OF PUBLICATION AND/OR SEQUENTIAL DESIGNATION | |
| Dates of publication and/or sequential designation | Vol. 1, no. 1 (Mar. 1983)-v. 3, no. 1 (May 1985). |
| 500 ## - GENERAL NOTE | |
| General note | Title from cover. |
| 546 ## - LANGUAGE NOTE | |
| Language note | Added t.p. in French with most articles issued in both English and French. |
| 580 ## - LINKING ENTRY COMPLEXITY NOTE | |
| Linking entry complexity note | Formed by the union of the English publications: AACC bulletin, and: AACC newsletter, and the French publications: CETA bulletin, and: Horizons (Nairobi, Kenya). |
| 580 ## - LINKING ENTRY COMPLEXITY NOTE | |
| Linking entry complexity note | Continued in 1986 by: African challenge. |
| 590 ## - LOCAL NOTE (RLIN) | |
| Local note | SERBIB/SERLOC merged record |
| 650 #0 - SUBJECT ADDED ENTRY--TOPICAL TERM | |
| Topical term or geographic name as entry element | Christianity |
| Geographic subdivision | Africa |
| Form subdivision | Periodicals. |
| 650 #0 - SUBJECT ADDED ENTRY--TOPICAL TERM | |
| Topical term or geographic name as entry element | Church and social problems |
| Geographic subdivision | Africa |
| Form subdivision | Periodicals. |
| 651 #0 - SUBJECT ADDED ENTRY--GEOGRAPHIC NAME | |
| Geographic name | Africa |
| General subdivision | Religion |
| Form subdivision | Periodicals. |
| 710 2# - ADDED ENTRY--CORPORATE NAME | |
| Corporate name or jurisdiction name as entry element | All Africa Conference of Churches. |
| 780 14 - PRECEDING ENTRY | |
| Title | AACC bulletin |
| Record control number | (OCoLC)2979960 |
| 780 14 - PRECEDING ENTRY | |
| Title | AACC newsletter |
| Record control number | (DLC) 79646842 |
| -- | (OCoLC)6127784 |
| 780 14 - PRECEDING ENTRY | |
| Title | CETA bulletin |
| 780 14 - PRECEDING ENTRY | |
| Title | Horizons (Nairobi, Kenya) |
| 785 10 - SUCCEEDING ENTRY | |
| Title | African challenge (Nairobi, Kenya) |
| Record control number | (DLC)sn 89012053 |
| -- | (OCoLC)14233458 |
| 906 ## - LOCAL DATA ELEMENT F, LDF (RLIN) | |
| a | 7 |
| b | cbc |
| c | serials |
| d | 3 |
| e | ncip |
| f | 19 |
| g | n-oclcserc |
| 942 ## - ADDED ENTRY ELEMENTS (KOHA) | |
| Source of classification or shelving scheme | Library of Congress Classification |
| Koha item type | Serials |
| Withdrawn status | Lost status | Source of classification or shelving scheme | Damaged status | Not for loan | Home library | Current library | Date acquired | Total Checkouts | Full call number | Barcode | Date last seen | Price effective from | Koha item type |
|---|---|---|---|---|---|---|---|---|---|---|---|---|---|
| Library of Congress Classification | Bishop Okullu Memorial Library (Limuru Campus) | Bishop Okullu Memorial Library (Limuru Campus) | 16/06/2015 | BR1359 .A23 | SER0104 | 16/06/2015 | 16/06/2015 | Serials |